Māremma guḍi. (Record no. 80067)

MARC details
000 -LEADER
fixed length control field 00518cam a22002171 4500
001 - CONTROL NUMBER
control field sa 68004234
003 - CONTROL NUMBER IDENTIFIER
control field DLC
005 - DATE AND TIME OF LATEST TRANSACTION
control field 20260227112500.0
008 - FIXED-LENGTH DATA ELEMENTS--GENERAL INFORMATION
fixed length control field 940922s1965 ii c 000 0 telo
010 ## - LIBRARY OF CONGRESS CONTROL NUMBER
LC control number sa 68004234
025 ## - OVERSEAS ACQUISITION NUMBER
Overseas acquisition number PL480:I-Te-1583
035 ## - SYSTEM CONTROL NUMBER
System control number (OCoLC)31160519
040 ## - CATALOGING SOURCE
Original cataloging agency DLC
Transcribing agency CU
Modifying agency CU
-- DLC
042 ## - AUTHENTICATION CODE
Authentication code premarc
050 00 - LIBRARY OF CONGRESS CALL NUMBER
Classification number PL4780.8
Item number .M3
245 00 - TITLE STATEMENT
Title Māremma guḍi.
260 ## - PUBLICATION, DISTRIBUTION, ETC.
Date of publication, distribution, etc. [1965]
300 ## - PHYSICAL DESCRIPTION
Extent 111 p.
Other physical details port.
Dimensions 19 cm.
500 ## - GENERAL NOTE
General note In Telugu.
650 #0 - SUBJECT ADDED ENTRY--TOPICAL TERM
Topical term or geographic name entry element Short stories, Telugu.

No items available.

Powered by Koha